01371camaa2200349Mu 4500003000900000005001700009008004100026020001500067020001800082035002700100040003300127082001600160245016100176264003500337300005700372336002100429337002500450338002300475500006000498504004000558505021300598526000900811526000900820526000800829526000800837526000800845600003500853650004500888700004500933700002200978700002101000PE-LiUPU20250731183343.0930329s1991 sp 000 0 spa d a8425215021 a9788425215025 a(Sirsi) i9788425215025 aPE-LiUPUbspacPE-LiUPUerda04a720.92bA6600aArata Isozakih[Texto impreso]b: Arquitectura : 1960-1990c/ textos de David B. Stewart, Hajime Yatsuka ; versión castellana Joaquim Romaguera i Ramió. aBarcelonabGustavo Gilic1991. a304 páginas. :bilustraciones. ;c28 centímetros atext2rdacontent aunmediated2rdamedia avolume2rdacarrier aTraducción de: Arata Isozaki. Architecture 1960-1990. aBibliografía: páginas. 296-298. aPrefacio, por Richard Koshakel -- Dioses y hombres, por David B. Stewart -- Arata Isozaki despues de 1980: del manierismo al pintoresquismo, por Hajime Yatsuka -- Obras y proyectos 1960 - 1990 -- Apéndices. aP158 aP146 aP17 aP12 aP0617aIsozaki, Aratad(1931-)2embne14aArquitectura modernaySiglo XXzJapón.1 aRomaguera i Ramió, Joaquimd1941-2006.1 aStewart, David B.1 aYatsuka, Hajime.